The world in conflict,

Saved in:
Bibliographic Details
Main Author: Hobhouse, L. T. 1864-1929.
Format: Book
Language:English
Published: London, T. F. Unwin [1915]
Subjects:
Tags: Add Tag
No Tags, Be the first to tag this record!
LEADER 01192nam a2200229I 4500
001 002857166-5
005 20020606093309.7
008 790307r1915 enk 000 0 eng
010 |a  16002400  
035 0 |a ocm04718518 
040 |a DLC  |c EXC  |d EXC  |d m.c.  |d BHA 
050 0 |a D511  |b .H5 
100 1 |a Hobhouse, L. T.  |q (Leonard Trelawny),  |d 1864-1929. 
245 1 4 |a The world in conflict,  |c by L. T. Hobhouse. 
260 |a London,  |b T. F. Unwin  |c [1915] 
300 |a 104 p.  |c 19 cm. 
500 |a "A series of articles contributed to the Manchester Guardian during March, April, and May, 1915, reprinted, with some additions."--Note. 
505 0 |a Chapter I. The coming of fear. -- II. The change of outlook. -- III. Decadence or rebarbarisation? -- IV. The idea of law. -- V. The revolt. -- VI. The temper of aggression. -- VII. The influence of nationalism. -- VIII. The elements of hope. -- IX. Nationality. -- X. Through alliance to federation. -- XI. The spirit of the west. 
650 0 |a World War, 1914-1918  |x Causes. 
776 0 8 |i Online version:  |a Hobhouse, L.T. (Leonard Trelawny), 1864-1929.  |t World in conflict.  |d London, T.F. Unwin [1915]  |w (OCoLC)558137335 
988 |a 20020608 
906 |0 DLC